| 000 | 01401cam a2200397Li 4500 | ||
|---|---|---|---|
| 999 |
_c870 _d870 |
||
| 001 | ocn470806945 | ||
| 003 | TZ-ArACH | ||
| 005 | 20180115104624.0 | ||
| 008 | 080826s2008 fr 000 0 fre d | ||
| 015 |
_a00854013 _2bnf |
||
| 016 | 7 |
_aFRBNF413213400000008 _2FrPBN |
|
| 020 | _a9782247078554 (br) | ||
| 020 | _a2247078559 (br) | ||
| 035 | _a(OCoLC)470806945 | ||
| 040 |
_aBDF _bfre _cTZ-ArACH |
||
| 041 | _afre | ||
| 049 | _aSZTA | ||
| 050 |
_aKJC5138 _b.M37 2008 |
||
| 100 | 1 |
_aMarguénaud, Jean-Pierre, _d1951-.... _4aut _91435 |
|
| 245 | 1 | 3 |
_aCour européenne des droits de l'homme, 4e éd. / _cJean-Pierre Marguénaud,... |
| 250 | _a4e éd. | ||
| 260 |
_aParis : _bDalloz, _cimpr. 2008 _e(42-Saint-Just-la-Pendue : _fImpr. Chirat) |
||
| 300 |
_a1 vol. (165 p.) : _bcouv. ill. ; _c17 cm. |
||
| 490 | 0 | _aConnaissance du droit | |
| 500 | _aNotes bibliogr. Index. | ||
| 610 | 2 | 7 |
_aCour européenne des droits de l'homme. _2ram _91436 |
| 650 |
_aDroits de l'homme _zEurope _91437 |
||
| 650 |
_aCEDH _91438 |
||
| 650 |
_aECHR _91439 |
||
| 651 |
_aEurope _91440 |
||
| 760 | 0 |
_tConnaissance du droit (Paris)., _d2008 _x1158-9515 _w(FrPBN)34271095 |
|
| 856 | 4 | 2 |
_3Notice et cote du catalogue de la Bibliothèque nationale de France _uhttp://catalogue.bnf.fr/ark:/12148/cb41321340v |
| 886 | 1 |
_2intermrc _a009 _ba--d--------------- |
|
| 886 | 2 |
_2intermrc _a680 _b0- _a340 _b340 |
|
| 942 |
_2lcc _cBOOK |
||